| 000 | 01064nas a2200265 i 4500 | ||
|---|---|---|---|
| 001 | 964 | ||
| 003 | ES-MaACL | ||
| 005 | 20251111172513.0 | ||
| 007 | t| | ||
| 008 | 950801d18201828sp | | 1 ||pa d | ||
| 245 | 0 | 0 | _aDécadas médico-quirúrgicas. |
| 260 |
_aMadrid : _bImp. que fue de Fuentenebro, _c1820-1828. |
||
| 300 |
_a9 v. ; _c17 cm. |
||
| 310 | _aDecenal | ||
| 362 | 0 | _aT. I , nº 1 (1820)- (1828) | |
| 500 | _aEn 1821 cambia el nombre a Décadas médico-quirúrgicas y farmacéuticas y en 1822 pasa a llamarse Décadas de medicina y cirugía prácticas hasta el final de la publicación en 1828. | ||
| 500 | _aCada tomo consta de 9 entregas, con el índice al final, y paginación seguida. | ||
| 500 | _aRevista fundada, dirigida y redactada principalmente por Manuel Hurtado de Mendoza. | ||
| 650 | 1 | 7 |
_aMedicina _2embne _914891 |
| 650 | 0 | 7 |
_aCirugía _2embne _911050 |
| 700 | 1 |
_aHurtado de Mendoza, Manuel, _d1783-1849 _9163804 |
|
| 852 |
_aES-MaACL _jD-1067-75 _z.- Donat. Seoane |
||
| 866 | 0 | _o1820-22(1823f.t.VIII). | |
| 999 |
_c964 _d964 |
||